LDR 01173nam a2200253 4500 001 000000365168 003 CaOOAMICUS 005 20251112145141.0 008 251112s it a 000 u ita r 020 $a978-88-498-8491-3 040 $aSeMil$bita 100 1 $aCalabrò, Giusy.$0(OLS)http://semarc/name/123170 245 13$aLa devianza minorile :$bil fenomeno youth gangs /$cGiusy Calabrò ; prefazione di Nicola F. Longo. 264 1$aSoveria Mannelli :$bRubbettino,$c2025. 300 $a212 p. :$bill. ;$c23 cm 650 4$aCriminalità giovanile.$0(OLS)http://semarc/subject/58946 650 4$aSicurezza nazionale - Criminalità - Diritto.$0(OLS)http://semarc/subject/58947 700 1 $aLongo, Nicola Francesco,$d<1943- >.$0(OLS)http://semarc/name/123172 850 $aSeMil 852 $aSeMil$W1$xVenegono$y1$m3N III 682$j264472$B256012$CSeMilBibl$Z2$F256012 $81 996 $6020$a978-88-498-8491-3$9(OLS)http://semarc/number/304620 996 $6245$aLa devianza minorile :$bil fenomeno youth gangs$9(OLS)http://semarc/title/456718 996 $6264$aSoveria Mannelli :$bRubbettino$9(OLS)http://semarc/publisher/32145